000 00632nam a22002057a 4500
001 15435
003 BD-RjUL
005 20211208235821.0
008 140210s1969 ph ||||g |||| 000 0 eng d
035 _a(BD-RjUL)15489
040 _aBD-RjUL
_beng
_cBD-RjUL
_dBD-RjUL
041 _aeng
082 _a 630
_bASR 1969
110 _aAsian Development Bank.
_947943
245 1 0 _aRegional seminar on agriculture papers and proceedings /
_cAsian Development Bank.
260 _aMakati ;
_a Phillipines :
_bAsian Development Bank,
_c1969.
300 _aiii,248p.:
_bill.
_c26 cm.
650 _aAgriculture.
_zAsia.
_947942
942 _2ddc
_cBK
999 _c15435
_d15435